000 00551nam a2200217Ia 4500
003 OSt
005 20220928142857.0
006 a|||||r|||| 00| 0
007 ta
008 220927b |||||||| |||| 00| 0 eng d
024 _a20187
037 _cTextual
040 _aSDCL
_cSDCL
_beng
041 _2eng
_aeng
082 _aO15,1:g(R4), L2
100 _aBhatt Gangadhar
_9502796
245 0 _aSanskrit kavaya me neeti tatav.
260 _c1972
942 _hO15,1:g(R4), L2
_cTEXL
_2CC
999 _c822323
_d822323